000 00809cam a2200265Mi 4500
999 _c3086
_d3086
001 .b17689326
003 OCoLC
005 20231004092655.0
008 100415s2008 enka c 000 j eng d
020 _a9780141349916
035 _a(OCoLC)781385769
040 _aSIKCE
_eppiak
_bslv
_cSILIS
_dNKFUST
_dKH8
042 _anbic
044 _axxk
_cgbr
082 0 _a821.111 DAH
100 1 _aDahl, Roald.
_4aut.
245 0 4 _aThe twits /
_cRoald Dahl ; illustrated by Quentin Blake.
260 _aLondon :
_bPuffin Books,
_c2008.
300 _a86 p. :
_bilustr. ;
_c20 cm.
490 0 _aPhizz-whizzing collection.
500 _aDel kompleta s petnajstimi deli Roalda Dahla v škatli 20 x 21 x 14 cm.
500 _aO avtorju in delu: str. [88]-[103]
700 1 _aBlake, Quentin.
_4ill.
942 _2ddc
_cFIC